00528nam a22001697a 450000500170000001000150001702000260003203500130005803700160007108200060008710000270009324500850012026000330020527000680023830000320030650000200033820170613162644.0 a1516EN07  a9780143426837c599.00 aB-670029 aDPLbPansy  aN aJaffrelot, Christophe  aThe Pakistani paradox: cby Christophe Jaffrelotbinstability and resilience /  aGurgaon bPengun Booksc2016 a7th Floor, Infinity Tower C, DLF Cyber City, bGurgaon e122002 axii,676p.:c23cm(pbk)bill. aIncludes index